000 01077nam a2200241Ia 4500
003 Ost
005 20260507075358.0
008 260507s9999||||xx |||||||||||||| ||und||
020 _a84655899579
040 _cfsecg
041 _aara
082 _a330
100 _aالأشهب، نوال عبد الكريم
_eمؤلف
245 0 _aالتجارة الإلكترونية /
_c نوال عبد الكريم الأشهب
260 _aعمان:
_bدار أمجد للنشر والتوزيع,
_c2015
300 _a186 صفحة؛
_bإيضاحات ؛
_c25 سم
504 _a مراجع، ص177
520 _aالتجارة الالكترونية ، الأنترنت ، الأسواق الالكترونية ، أنظمة المعلومات ما بين المؤسسات والأسواق الالكترونية ، المواقع الالكترونية البنوك والتمويل ، المحددات الاقتصادية
653 _aالتجارة
653 _aالتجارة- الحواسيب
653 _aالتجارة- تكنولوجيا
942 _cكتاب
999 _c44257
_d44257